[Event "2. Bundesliga Mitte 2009/2010"]
[Site "Gleisdorf"]
[Date "2009.10.10"]
[Round "1"]
[Board "1"]
[White "Horvath, Jozsef"]
[Black "Taggatz, Mario"]
[Result "1-0"]
[WhiteElo "2547"]
[BlackElo "2330"]
[PlyCount "89"]
[EventDate "2009.10.10"]
[EventType "team"]
[EventRounds "11"]
[EventCountry "AUT"]
[WhiteTeam "SC Die Klagenfurter"]
[BlackTeam "Spg. Sauwald"]

1.Nf3 Nf6 2.c4 e6 3.g3 d5 4.b3 Be7 5.Bb2 O-O 6.Bg2 b6 7.O-O Bb7 8.e3 Nbd7 9.Nc3
Ne4 10.Ne2 Bf6 11.Qc2 c5 12.cxd5 Bxb2 13.Qxb2 Bxd5 14.Nf4 Bb7 15.Rac1 Qe7 16.d3
Nef6 17.d4 Rac8 18.Rfd1 Rc7 19.dxc5 Nxc5 20.Ne5 Bxg2 21.Kxg2 Rfc8 22.Nc4 Rd7
23.Rxd7 Qxd7 24.Qe2 Rd8 25.b4 Na4 26.Ne5 Qd6 27.Nc6 Re8 28.b5 Nc5 29.Rd1 Qc7
30.Nd3 Nfd7 31.Nxc5 Nxc5 32.Qf3 h6 33.Rd4 e5 34.Rg4 e4 35.Qf6 g6 36.h4 Re6
37.Qd4 h5 38.Rg5 a6 39.Rd5 Re8 40.a4 axb5 41.axb5 Kh7 42.Rd6 Kg8 43.Qf6 Nd3
44.Rd5 Ra8 45.Ne7+

[Event "2. Bundesliga Mitte 2009/2010"]
[Site "Gleisdorf"]
[Date "2009.10.10"]
[Round "1"]
[Board "2"]
[White "Schmidt, Peter"]
[Black "Horvath, Csaba"]
[Result "1/2-1/2"]
[WhiteElo "2394"]
[BlackElo "2549"]
[PlyCount "31"]
[EventDate "2009.10.10"]
[EventType "team"]
[EventRounds "11"]
[EventCountry "AUT"]
[WhiteTeam "Spg. Sauwald"]
[BlackTeam "SC Die Klagenfurter"]

1.Nf3 g6 2.g3 Bg7 3.Bg2 c5 4.O-O d6 5.c3 Nf6 6.d4 Qc7 7.Re1 Bf5 8.Qa4+ Bd7 9.Qb3
cxd4 10.cxd4 O-O 11.Nc3 Nc6 12.Bg5 Na5 13.Qb4 Nc6 14.Qb3 Na5 15.Qb4 Nc6 16.Qb3

[Event "2. Bundesliga Mitte 2009/2010"]
[Site "Gleisdorf"]
[Date "2009.10.10"]
[Round "1"]
[Board "3"]
[White "Pilaj, Herwig"]
[Black "Testor, Sebastian"]
[Result "0-1"]
[WhiteElo "2363"]
[BlackElo "2319"]
[PlyCount "106"]
[EventDate "2009.10.10"]
[EventType "team"]
[EventRounds "11"]
[EventCountry "AUT"]
[WhiteTeam "SC Die Klagenfurter"]
[BlackTeam "Spg. Sauwald"]

1.Nf3 Nf6 2.c4 e6 3.Nc3 c5 4.e4 d6 5.d4 cxd4 6.Nxd4 Be7 7.Be2 b6 8.O-O Bb7 9.f3
a6 10.Be3 Nbd7 11.a4 O-O 12.a5 bxa5 13.Nb3 a4 14.Nxa4 Rc8 15.Qd2 Nc5 16.Na5 Ba8
17.b4 Nxa4 18.Rxa4 Nd7 19.Ra2 Qc7 20.Rd1 Rfd8 21.Qe1 Rb8 22.Rb1 Bf6 23.Kh1 d5
24.exd5 exd5 25.c5 d4 26.Bf2 d3 27.Bxd3 Nxc5 28.Bxh7+ Kxh7 29.Bxc5 Qf4 30.Qg3
Qf5 31.Rf1 Qd3 32.Qf2 Bc3 33.Qh4+ Kg8 34.Raf2 Bxb4 35.Bxb4 Rd4 36.Qe7 Rdxb4
37.h3 Qc3 38.Rd1 Rd4 39.Rxd4 Qxd4 40.Qe1 Bd5 41.Rd2 Qc3 42.Qd1 Bxf3 43.Rd8+ Kh7
44.gxf3 Rb5 45.Rd4 Qxa5 46.Qd3+ Rf5 47.Ra4 Qe1+ 48.Kg2 g6 49.Qxa6 Rd5 50.f4 Rd2+
51.Kf3 Rf2+ 52.Kg4 Qg1+ 53.Kh4 Rf3

[Event "2. Bundesliga Mitte 2009/2010"]
[Site "Gleisdorf"]
[Date "2009.10.10"]
[Round "1"]
[Board "4"]
[White "Hiermann, Dietmar"]
[Black "Genser, Harald"]
[Result "1/2-1/2"]
[WhiteElo "2297"]
[BlackElo "2272"]
[PlyCount "67"]
[EventDate "2009.10.10"]
[EventType "team"]
[EventRounds "11"]
[EventCountry "AUT"]
[WhiteTeam "Spg. Sauwald"]
[BlackTeam "SC Die Klagenfurter"]

1.e4 c5 2.Nc3 Nc6 3.f4 g6 4.Nf3 Bg7 5.Bb5 Nd4 6.Nxd4 cxd4 7.Ne2 Qb6 8.Bd3 d5
9.e5 f6 10.exf6 Nxf6 11.a4 O-O 12.a5 Qc7 13.O-O Ne4 14.b4 Bd7 15.Bb2 e5 16.b5
Nc5 17.fxe5 Bxe5 18.Kh1 Rxf1+ 19.Qxf1 Rf8 20.Qe1 Nxd3 21.cxd3 Bxb5 22.Nxd4 Qf7
23.Nxb5 Bxb2 24.Rb1 Be5 25.d4 Bb8 26.Qe2 Qf2 27.Qxf2 Rxf2 28.g3 Rxd2 29.Nc3 Rxd4
30.Rxb7 Bd6 31.Rxa7 Bb4 32.Nb5 Rd1+ 33.Kg2 d4 34.Rd7

[Event "2. Bundesliga Mitte 2009/2010"]
[Site "Gleisdorf"]
[Date "2009.10.10"]
[Round "1"]
[Board "5"]
[White "Petschar, Kurt"]
[Black "Heyne, Martin"]
[Result "1/2-1/2"]
[WhiteElo "2266"]
[BlackElo "2219"]
[PlyCount "84"]
[EventDate "2009.10.10"]
[EventType "team"]
[EventRounds "11"]
[EventCountry "AUT"]
[WhiteTeam "SC Die Klagenfurter"]
[BlackTeam "Spg. Sauwald"]

1.e4 c6 2.c4 d5 3.exd5 cxd5 4.cxd5 Nf6 5.Bb5+ Nbd7 6.Nc3 a6 7.Be2 Nb6 8.Nf3
Nbxd5 9.d4 e6 10.O-O Be7 11.Ne5 b5 12.Nc6 Qd7 13.Nxe7 Nxe7 14.Bg5 Ned5 15.Qb3
O-O 16.a4 b4 17.Nxd5 Nxd5 18.a5 Bb7 19.Qg3 Ne7 20.Bd3 Rfe8 21.Rfd1 Qd5 22.Rac1
Nf5 23.Bxf5 Qxf5 24.Rc5 Bd5 25.Bh6 Qf6 26.Bg5 Qg6 27.Rdc1 f6 28.Bd2 Qxg3 29.hxg3
b3 30.Rc7 Reb8 31.f3 Rb7 32.Rxb7 Bxb7 33.Rc7 Bd5 34.g4 Rb8 35.Kf2 Rb7 36.Rc5 Kf7
37.Ke3 g5 38.Kd3 h6 39.Bc3 Kg6 40.Rc8 Rf7 41.Rg8+ Rg7 42.Re8 Rc7

[Event "2. Bundesliga Mitte 2009/2010"]
[Site "Gleisdorf"]
[Date "2009.10.10"]
[Round "1"]
[Board "6"]
[White "Niederwieser, Peter"]
[Black "Titz, Heimo"]
[Result "0-1"]
[WhiteElo "2173"]
[BlackElo "2242"]
[PlyCount "72"]
[EventDate "2009.10.10"]
[EventType "team"]
[EventRounds "11"]
[EventCountry "AUT"]
[WhiteTeam "Spg. Sauwald"]
[BlackTeam "SC Die Klagenfurter"]

1.d4 Nf6 2.c4 e6 3.Nc3 Bb4 4.Qc2 O-O 5.a3 Bxc3+ 6.Qxc3 b6 7.Bg5 h6 8.Bh4 Bb7
9.f3 d6 10.e4 c5 11.dxc5 bxc5 12.Bf2 Nc6 13.Bd3 a5 14.Ne2 Qb6 15.O-O Rab8 16.b3
Bc8 17.Rab1 e5 18.Rfd1 Be6 19.Rd2 Rfc8 20.Rdb2 Qc7 21.Qd2 Nd4 22.Nc3 Nd7 23.Nb5
Nxb5 24.cxb5 Nb6 25.Rc1 a4 26.bxa4 Nxa4 27.Rbb1 Nb6 28.Bf1 Ra8 29.Rc3 c4 30.Rd1
Na4 31.Rcc1 Qb7 32.Qb4 d5 33.exd5 Bxd5 34.Rc2 c3 35.Rb1 f6 36.h3 Qf7 {und
Schwarz gewann nach 55 Zügen durch Zeitüberschreitung}

[Event "2. Bundesliga Mitte 2009/2010"]
[Site "Gleisdorf"]
[Date "2009.10.10"]
[Round "1"]
[Board "1"]
[White "Lenic, Luka"]
[Black "Horvath, Tamas"]
[Result "1-0"]
[WhiteElo "2603"]
[BlackElo "2424"]
[PlyCount "35"]
[EventDate "2009.10.10"]
[EventType "team"]
[EventRounds "11"]
[EventCountry "AUT"]
[WhiteTeam "SV Raika Rapid Feffernitz"]
[BlackTeam "RbEJ Gleisdorf"]

1.d4 Nf6 2.Nf3 e6 3.c4 Bb4+ 4.Nc3 c5 5.g3 cxd4 6.Nxd4 Ne4 7.Qd3 Bxc3+ 8.bxc3 Nc5
9.Qe3 b6 10.Bg2 Bb7 11.Bxb7 Nxb7 12.Ba3 Nc6 13.Nb5 f6 14.Rd1 Nca5 15.Bb4 a6
16.Nd6+ Nxd6 17.Rxd6 Nc6 18.Rxc6

[Event "2. Bundesliga Mitte 2009/2010"]
[Site "Gleisdorf"]
[Date "2009.10.10"]
[Round "1"]
[Board "2"]
[White "Zsinka, Laszlo"]
[Black "Gostisa, Leon"]
[Result "0-1"]
[WhiteElo "2293"]
[BlackElo "2409"]
[PlyCount "31"]
[EventDate "2009.10.10"]
[EventType "team"]
[EventRounds "11"]
[EventCountry "AUT"]
[WhiteTeam "RbEJ Gleisdorf"]
[BlackTeam "SV Raika Rapid Feffernitz"]

1.d4 Nf6 2.c4 e6 3.Nc3 Bb4 4.e3 Nc6 5.Nge2 d5 6.Ng3 h5 7.Be2 h4 8.Nf1 h3 9.g3
O-O 10.a3 Be7 11.Nd2 e5 12.Nf3 exd4 13.exd4 dxc4 14.d5 Na5 15.Be3 Bf5 16.O-O
{und Schwarz gewann nach 40 Zügen!}

[Event "2. Bundesliga Mitte 2009/2010"]
[Site "Gleisdorf"]
[Date "2009.10.10"]
[Round "1"]
[Board "3"]
[White "Jeric, Simon"]
[Black "Sandhu, Mario"]
[Result "1-0"]
[WhiteElo "2298"]
[BlackElo "2316"]
[PlyCount "139"]
[EventDate "2009.10.10"]
[EventType "team"]
[EventRounds "11"]
[EventCountry "AUT"]
[WhiteTeam "SV Raika Rapid Feffernitz"]
[BlackTeam "RbEJ Gleisdorf"]

1.e4 c6 2.d4 d5 3.e5 c5 4.c3 Nc6 5.Bb5 Bd7 6.Bxc6 Bxc6 7.dxc5 e6 8.b4 d4 9.Nf3
dxc3 10.Qxd8+ Rxd8 11.Nxc3 Ne7 12.Bb2 Ng6 13.Ne2 Bxf3 14.gxf3 Nh4 15.f4 Be7
16.Bc3 Nf3+ 17.Kf1 Rd3 18.Kg2 Nh4+ 19.Kf1 O-O 20.Rg1 Nf5 21.Rc1 Rfd8 22.Ng3 Nh4
23.Nh5 Ng6 24.Rg3 Bh4 25.Re3 Ne7 26.Ke2 R3d7 27.Rh3 Nf5 28.Ng3 Bxg3 29.hxg3 Nd4+
30.Kf1 Nb5 31.Kg2 Rd3 32.Ba1 Ra3 33.Rc2 Rdd3 34.Rh1 g6 35.Re1 Kf8 36.Kf1 Ke7
37.Ke2 Kd7 38.Bb2 Nd4+ 39.Bxd4 Rxd4 40.Rb1 Rad3 41.b5 Ra3 42.b6 Kc6 43.bxa7 Rxa7
44.Rb6+ Kc7 45.Rd6 Rda4 46.Rcd2 Rxa2 47.Rd7+ Kc6 48.Rxf7 Rxd2+ 49.Kxd2 Kxc5
50.Rxh7 Ra2+ 51.Ke3 b5 52.Rc7+ Kd5 53.Rd7+ Kc5 54.Rd6 Ra3+ 55.Ke4 Ra4+ 56.Kd3
Ra3+ 57.Ke2 Ra2+ 58.Kf3 b4 59.Rxe6 b3 60.Re8 Ra6 61.Rc8+ Rc6 62.Rd8 b2 63.Rd1
Rb6 64.Rb1 Kd4 65.Kg4 Kc3 66.f5 gxf5+ 67.Kxf5 Kc2 68.Rxb2+ Rxb2 69.f4 Kd3 70.e6

[Event "2. Bundesliga Mitte 2009/2010"]
[Site "Gleisdorf"]
[Date "2009.10.10"]
[Round "1"]
[Board "4"]
[White "Wanderer, Thomas"]
[Black "Reiss, Georg"]
[Result "1/2-1/2"]
[WhiteElo "2220"]
[BlackElo "2153"]
[PlyCount "142"]
[EventDate "2009.10.10"]
[EventType "team"]
[EventRounds "11"]
[EventCountry "AUT"]
[WhiteTeam "RbEJ Gleisdorf"]
[BlackTeam "SV Raika Rapid Feffernitz"]

1.e4 c5 2.Nc3 Nc6 3.g3 g6 4.Bg2 Bg7 5.d3 d6 6.Be3 e5 7.Qd2 Nge7 8.f4 exf4 9.Bxf4
Be6 10.Bh6 O-O 11.h4 f6 12.Nge2 Ne5 13.Bxg7 Kxg7 14.O-O-O Qa5 15.Kb1 b5 16.Nc1
Rab8 17.Nb3 Qb6 18.d4 Nc4 19.Qf2 Rbc8 20.Bh3 Bxh3 21.Rxh3 Qc6 22.Rhh1 a5 23.Rhe1
a4 24.Nd2 Na5 25.Ne2 c4 26.d5 Qd7 27.c3 Nb7 28.Nf4 Nc5 29.Nf3 a3 30.Nd4 Kg8
31.Nfe6 Nxe6 32.Nxe6 Rf7 33.Rf1 Ra8 34.Rd2 Nc8 35.Qd4 Qe7 36.Rdf2 axb2 37.Kxb2
Qa7 38.Qxa7 Rfxa7 39.Kb1 Rf7 40.Rxf6 Rxf6 41.Rxf6 Nb6 42.Nc7 Rd8 43.Nxb5 Rb8
44.Kc2 Na4 45.Nxd6 Rb2+ 46.Kc1 Rxa2 47.Nxc4 Nxc3 48.d6 Ra8 49.Re6 Nb5 50.Nb6 Rd8
51.e5 Nd4 52.Re7 Nc6 53.Re6 Kf7 54.Rf6+ Kg7 55.d7 Nxe5 56.Re6 Nxd7 57.Re7+ Kf6
58.Nd5+ Kf5 59.Ne3+ Kf6 60.Rxh7 Ne5 61.g4 Rd4 62.g5+ Ke6 63.Rh6 Kf7 64.h5 Re4
65.hxg6+ Nxg6 66.Nf5 Rg4 67.Rh5 Rg1+ 68.Kd2 Nf4 69.Rh4 Ne6 70.Nd6+ Ke7 71.Ne4
Nxg5

[Event "2. Bundesliga Mitte 2009/2010"]
[Site "Gleisdorf"]
[Date "2009.10.10"]
[Round "1"]
[Board "5"]
[White "Tschohl, Christof"]
[Black "Frosch, Ronald"]
[Result "0-1"]
[WhiteElo "2160"]
[BlackElo "2237"]
[PlyCount "76"]
[EventDate "2009.10.10"]
[EventType "team"]
[EventRounds "11"]
[EventCountry "AUT"]
[WhiteTeam "SV Raika Rapid Feffernitz"]
[BlackTeam "RbEJ Gleisdorf"]

1.e4 e6 2.d4 d6 3.Nf3 Nf6 4.Bd3 Be7 5.O-O O-O 6.c4 Nc6 7.Nc3 h6 8.a3 Nh7 9.Qe2
Ng5 10.Nxg5 Bxg5 11.d5 Nd4 12.Qd1 Bxc1 13.Rxc1 e5 14.Nb5 c5 15.dxc6 bxc6 16.Nxd4
exd4 17.c5 a5 18.Qa4 dxc5 19.Rxc5 Rb8 20.Rb1 Be6 21.Qxc6 Ba2 22.Rd1 Rxb2 23.Rc2
Rb6 24.Qc5 Bb3 25.Rb2 a4 26.Rc1 Rb8 27.Rd2 Qd7 28.Ba6 Qe6 29.Qc6 Rfd8 30.Qxe6
Bxe6 31.Rcd1 Rb3 32.Rxd4 Rxd4 33.Rxd4 Rxa3 34.f4 Ra1+ 35.Kf2 a3 36.f5 Bb3 37.Rb4
Rb1 38.Bd3 a2

[Event "2. Bundesliga Mitte 2009/2010"]
[Site "Gleisdorf"]
[Date "2009.10.10"]
[Round "1"]
[Board "6"]
[White "Sandner, Wolfgang"]
[Black "Arztmann, Wolfgang"]
[Result "0-1"]
[WhiteElo "2224"]
[BlackElo "2102"]
[PlyCount "86"]
[EventDate "2009.10.10"]
[EventType "team"]
[EventRounds "11"]
[EventCountry "AUT"]
[WhiteTeam "RbEJ Gleisdorf"]
[BlackTeam "SV Raika Rapid Feffernitz"]

1.e4 e6 2.d3 d5 3.Nd2 Nf6 4.Ngf3 c5 5.g3 Be7 6.Bg2 Nc6 7.O-O O-O 8.e5 Nd7 9.Re1
b5 10.Nf1 f6 11.exf6 Nxf6 12.Ng5 e5 13.c4 Bg4 14.f3 Bd7 15.cxb5 Nd4 16.Rxe5 h6
17.Nh3 Bd6 18.Re1 Bxb5 19.Bf4 Qb6 20.Bxd6 Qxd6 21.Nf4 Rfe8 22.Ne3 g5 23.Nh3 Re7
24.Qd2 Rae8 25.Nf2 Nd7 26.Neg4 Re2 27.Rxe2 Rxe2 28.Qa5 h5 29.Qd8+ Kh7 30.Qxg5
hxg4 31.fxg4 Ne5 32.Qh4+ Kg7 33.Qg5+ Kh7 34.Qh5+ Qh6 35.Bxd5 Qxh5 36.gxh5 Kh6
37.Be4 Rxb2 38.a4 Nc2 39.Nd1 Rb3 40.Rc1 Bxd3 41.Nf2 Bxe4 42.Nxe4 Rb2 43.Kf2 Nd3+

[Event "2. Bundesliga Mitte 2009/2010"]
[Site "Gleisdorf"]
[Date "2009.10.10"]
[Round "1"]
[Board "1"]
[White "Kozul, Zdenko"]
[Black "Skoberne, Jure"]
[Result "0-1"]
[WhiteElo "2602"]
[BlackElo "2509"]
[PlyCount "134"]
[EventDate "2009.10.10"]
[EventType "team"]
[EventRounds "11"]
[EventCountry "AUT"]
[WhiteTeam "ZH-Technologies Wolfsberg"]
[BlackTeam "ESV Austria Graz"]

1.d4 d5 2.c4 c6 3.e3 Nf6 4.Nc3 e6 5.Nf3 Nbd7 6.Bd3 dxc4 7.Bxc4 b5 8.Bd3 b4 9.Ne4
Nxe4 10.Bxe4 Bb7 11.O-O Bd6 12.Qa4 O-O 13.Bd2 Qb6 14.Rfc1 Rfc8 15.Be1 c5 16.Nd2
Qc7 17.Bxb7 Qxb7 18.Nc4 Bf8 19.Na5 Qd5 20.Qb5 a6 21.Qc4 Qxc4 22.Nxc4 cxd4
23.exd4 Nf6 24.Ne5 Nd5 25.Kf1 Bd6 26.g3 Kf8 27.Ke2 Ke7 28.Kd3 f6 29.Nc4 h5
30.Rc2 Rab8 31.b3 Kd7 32.Rac1 g5 33.Bd2 Rc7 34.Ne3 Rxc2 35.Rxc2 Rb5 36.Nc4 Bb8
37.Rc1 Ne7 38.Ne3 Nc6 39.Rc5 Rxc5 40.dxc5 Ne5+ 41.Ke2 a5 42.Nc2 Kc6 43.a3 bxa3
44.Nxa3 Bc7 45.b4 axb4 46.Bxb4 g4 47.Nc2 Nf3 48.h4 gxh3 49.Kf1 Be5 50.Ne1 Nxe1
51.Bxe1 Kxc5 52.Kg1 Kc4 53.Ba5 Bd4 54.Bc7 Kd3 55.Kh2 Bxf2 56.Kxh3 Ke4 57.Kg2 Bc5
58.Bd8 f5 59.Bg5 e5 60.Bf6 Bd6 61.Bd8 Kd3 62.Ba5 e4 63.Kf2 Be5 64.Kg2 Bc3 65.Bb6
e3 66.Kf3 e2 67.Bf2 Bd2

[Event "2. Bundesliga Mitte 2009/2010"]
[Site "Gleisdorf"]
[Date "2009.10.10"]
[Round "1"]
[Board "2"]
[White "Sakelsek, Tadej"]
[Black "Stevic, Hrvoje"]
[Result "0-1"]
[WhiteElo "2403"]
[BlackElo "2610"]
[PlyCount "204"]
[EventDate "2009.10.10"]
[EventType "team"]
[EventRounds "11"]
[EventCountry "AUT"]
[WhiteTeam "ESV Austria Graz"]
[BlackTeam "ZH-Technologies Wolfsberg"]

1.e4 e5 2.Nf3 Nc6 3.Bb5 g6 4.O-O Bg7 5.c3 Nge7 6.d4 exd4 7.cxd4 d5 8.exd5 Nxd5
9.Re1+ Be6 10.Bg5 Qd6 11.Nc3 O-O 12.Ne4 Qb4 13.Bxc6 bxc6 14.Qc1 Rfe8 15.a3 Qb6
16.Nc5 Bf5 17.b4 a5 18.bxa5 Qxa5 19.Bd2 Rxe1+ 20.Bxe1 Qb5 21.a4 Qe2 22.Bd2 Nb6
23.Qf1 Qxf1+ 24.Kxf1 Nd7 25.Nxd7 Bxd7 26.Bb4 c5 27.Bxc5 Bxa4 28.Kg1 Bc6 29.Rxa8+
Bxa8 30.Ne5 f6 31.Nd3 Kf7 32.f3 Bh6 33.Kf2 Ke6 34.Nb4 Bb7 35.Ke2 Bf4 36.g3 Bc1
37.Kf2 h5 38.Bf8 Bb2 39.Ke3 Ba3 40.Bc5 Bc1+ 41.Kf2 Bh6 42.Ke2 g5 43.Ke3 g4+
44.f4 h4 45.Ba7 h3 46.Bc5 Kf5 47.Nd3 Be4 48.Nf2 Bd5 49.Bb4 c6 50.Bc5 Bg7 51.Bb4
Bf7 52.Bc5 Be6 53.Nd3 Kg6 54.Nb4 Bd5 55.Bd6 Kf5 56.Bc5 Bg2 57.Bd6 Bh6 58.Nd3 Ke6
59.Bc5 Kd5 60.Nf2 f5 61.Nd3 Bg7 62.Ne5 Bf6 63.Nd7 Bd8 64.Nb6+ Ke6 65.Kf2 Bd5
66.Ke3 Bb3 67.Kf2 Bc7 68.Ke3 Bc2 69.Kf2 Bd3 70.Ke3 Bc2 71.Kf2 Bb3 72.Ke3 Kf7
73.Kf2 Ke8 74.Ke3 Kd8 75.Kf2 Bb8 76.Ke3 Kc7 77.Kf2 Kb7 78.Nd7 Bc7 79.Ne5 Bd5
80.Bb4 Ka6 81.Ke3 Kb5 82.Be1 Ka4 83.Bd2 Bd6 84.Nd7 Kb3 85.Ba5 Ba3 86.Be1 Kc2
87.Ne5 Bc1+ 88.Ke2 Be4 89.Bf2 Bd2 90.Be3 Ba5 91.Bf2 Bb6 92.Be3 Bg2 93.Bf2 Bd5
94.Be3 Ba5 95.Bf2 Bd2 96.Be3 Bc3 97.Bf2 Bb3 98.Be3 Ba4 99.Kf2 Bb5 100.Kg1 Kd1
101.Kf2 Be1+ 102.Kg1 Ke2

[Event "2. Bundesliga Mitte 2009/2010"]
[Site "Gleisdorf"]
[Date "2009.10.10"]
[Round "1"]
[Board "3"]
[White "Jovanovic, Zoran"]
[Black "Kotz, Heinz Peter"]
[Result "1-0"]
[WhiteElo "2526"]
[BlackElo "2332"]
[PlyCount "93"]
[EventDate "2009.10.10"]
[EventType "team"]
[EventRounds "11"]
[EventCountry "AUT"]
[WhiteTeam "ZH-Technologies Wolfsberg"]
[BlackTeam "ESV Austria Graz"]

1.e4 e5 2.Nf3 Nc6 3.Bb5 a6 4.Ba4 Nf6 5.Qe2 b5 6.Bb3 Be7 7.O-O O-O 8.c3 d6 9.Rd1
Na5 10.Bc2 c5 11.d4 Qc7 12.d5 Bd7 13.b3 Nb7 14.Nbd2 Nh5 15.Nf1 g6 16.Bh6 Ng7
17.a4 Rfb8 18.Ng3 Nd8 19.Bd3 Qb7 20.Nd2 f6 21.Be3 Nf7 22.f4 exf4 23.Bxf4 Ne5
24.h3 Rf8 25.Nf3 Rab8 26.axb5 axb5 27.Nxe5 dxe5 28.Bh6 Qb6 29.c4 Rf7 30.Rf1 f5
31.Bxg7 Kxg7 32.exf5 Bh4 33.fxg6 Rxf1+ 34.Rxf1 hxg6 35.Ne4 bxc4 36.bxc4 Rf8
37.Rb1 Qc7 38.Qb2 Bf5 39.d6 Qd8 40.Qxe5+ Kh6 41.g3 Bg5 42.Nxg5 Bxd3 43.Ne6 Qf6
44.Qxf6 Rxf6 45.d7 Bxb1 46.d8=Q Rxe6 47.Qh8+

[Event "2. Bundesliga Mitte 2009/2010"]
[Site "Gleisdorf"]
[Date "2009.10.10"]
[Round "1"]
[Board "4"]
[White "Ebner, Hubert"]
[Black "Hoelzl, Franz"]
[Result "1/2-1/2"]
[WhiteElo "2194"]
[BlackElo "2333"]
[PlyCount "60"]
[EventDate "2009.10.10"]
[EventType "team"]
[EventRounds "11"]
[EventCountry "AUT"]
[WhiteTeam "ESV Austria Graz"]
[BlackTeam "ZH-Technologies Wolfsberg"]

1.d4 Nf6 2.Nf3 e6 3.c4 Bb4+ 4.Nbd2 d6 5.a3 Bxd2+ 6.Qxd2 Qe7 7.e3 e5 8.dxe5 dxe5
9.Be2 O-O 10.b4 e4 11.Nd4 c5 12.bxc5 Qxc5 13.Bb2 Rd8 14.O-O-O Nc6 15.Qc3 Be6
16.Kb1 Rac8 17.Nxe6 fxe6 18.g4 Kf7 19.h4 Ke7 20.g5 Ne8 21.Bh5 Rxd1+ 22.Rxd1 Rd8
23.Rxd8 Nxd8 24.Bxe8 Kxe8 25.Qxg7 Qxc4 26.Qxh7 Qf1+ 27.Ka2 Qc4+ 28.Ka1 Qf1+
29.Ka2 Qc4+ 30.Kb1 Qf1+

[Event "2. Bundesliga Mitte 2009/2010"]
[Site "Gleisdorf"]
[Date "2009.10.10"]
[Round "1"]
[Board "5"]
[White "Steflitsch, Erich"]
[Black "Fahrner, Kurt"]
[Result "1/2-1/2"]
[WhiteElo "2371"]
[BlackElo "2300"]
[PlyCount "136"]
[EventDate "2009.10.10"]
[EventType "team"]
[EventRounds "11"]
[EventCountry "AUT"]
[WhiteTeam "ZH-Technologies Wolfsberg"]
[BlackTeam "ESV Austria Graz"]

1.d4 g6 2.e4 Bg7 3.Nf3 d6 4.c3 Nf6 5.Bd3 Nc6 6.h3 O-O 7.O-O e5 8.Re1 Nh5 9.Bc2
h6 10.Na3 Bd7 11.Nc4 Qe7 12.Ne3 Rae8 13.Nd5 Qd8 14.Be3 Kh7 15.dxe5 dxe5 16.Bc5
Rg8 17.Qd2 b6 18.Ba3 Na5 19.b3 c6 20.Ne3 Be6 21.Qxd8 Rxd8 22.Rad1 Rge8 23.Kf1 f6
24.Rxd8 Rxd8 25.Rd1 Rxd1+ 26.Nxd1 Kg8 27.Ne3 Bf8 28.Bc1 Nf4 29.Ng4 Kf7 30.Ngxe5+
fxe5 31.Nxe5+ Kf6 32.Bxf4 g5 33.Bg3 c5 34.Bd3 h5 35.Ke2 Bd6 36.Nc4 Bxg3 37.fxg3
Bxc4 38.Bxc4 Nc6 39.Ke3 Ne5 40.Be2 Kg6 41.h4 Kh6 42.Bb5 Ng4+ 43.Ke2 Ne5 44.Ke3
Ng4+ 45.Kf3 Ne5+ 46.Ke2 Kg6 47.Be8+ Kh6 48.b4 Ng4 49.bxc5 bxc5 50.Bd7 Ne5 51.Bf5
Nc4 52.Kd3 Ne5+ 53.Kc2 Nc4 54.Kb3 Ne3 55.Ka4 gxh4 56.gxh4 Nxg2 57.Kb5 Nxh4
58.Bc8 Kg5 59.Kxc5 Kf4 60.Kd5 Ng2 61.e5 Ne3+ 62.Kd4 h4 63.Bh3 Nf5+ 64.Kd5 Ne3+
65.Kd4 Nf5+ 66.Kd5 Ne3+ 67.Kd4 Nf5+ 68.Kd5 Ne3+

[Event "2. Bundesliga Mitte 2009/2010"]
[Site "Gleisdorf"]
[Date "2009.10.10"]
[Round "1"]
[Board "6"]
[White "Aschenbrenner, Robert"]
[Black "Waldmann, Gerald"]
[Result "1/2-1/2"]
[WhiteElo "2262"]
[BlackElo "2173"]
[PlyCount "132"]
[EventDate "2009.10.10"]
[EventType "team"]
[EventRounds "11"]
[EventCountry "AUT"]
[WhiteTeam "ESV Austria Graz"]
[BlackTeam "ZH-Technologies Wolfsberg"]

1.Nf3 d5 2.d4 Nf6 3.c4 c6 4.Nc3 a6 5.c5 Nbd7 6.Bf4 Nh5 7.e3 g6 8.Bd3 Bg7 9.h3 b6
10.cxb6 Nxf4 11.exf4 Qxb6 12.Ne2 c5 13.O-O O-O 14.dxc5 Nxc5 15.Bc2 e6 16.Rb1 a5
17.Ned4 Ba6 18.Re1 Rfd8 19.h4 Rac8 20.h5 Ne4 21.Re3 Rc4 22.Ne2 Rdc8 23.Bxe4 Rxe4
24.Qd2 Rec4 25.Ne1 Qc7 26.hxg6 hxg6 27.b3 Rc5 28.Rh3 Bxe2 29.Qxe2 Rc1 30.Rxc1
Qxc1 31.f5 exf5 32.Kh2 Qf4+ 33.Kg1 Qc1 34.Rd3 d4 35.Kh2 Qh6+ 36.Kg1 Qf4 37.Nf3
Rc1+ 38.Rd1 Bf6 39.g3 Rxd1+ 40.Qxd1 Qe4 41.Ne1 f4 42.gxf4 Qxf4 43.Nd3 Qe4 44.a3
Be7 45.b4 axb4 46.axb4 Qc6 47.Qa1 Qc4 48.Qb2 Qb5 49.Qb3 Kg7 50.Kg2 Qc6+ 51.Kg1
Qb5 52.Kg2 Qb7+ 53.Kg1 Qf3 54.b5 Bh4 55.Qc4 Qg4+ 56.Kf1 Qd1+ 57.Ne1 Qd2 58.Qe2
Qb4 59.Kg2 Bf6 60.Nf3 Qb3 61.Ne1 Qd5+ 62.f3 Qb3 63.Qd3 Qb2+ 64.Nc2 Be5 65.Kf2 f5
66.Ke2 Kf6

[Event "2. Bundesliga Mitte 2009/2010"]
[Site "Gleisdorf"]
[Date "2009.10.10"]
[Round "1"]
[Board "1"]
[White "Weiss, Christian"]
[Black "Reichmann, Egon"]
[Result "1-0"]
[WhiteElo "2421"]
[BlackElo "2331"]
[PlyCount "110"]
[EventDate "2009.10.10"]
[EventType "team"]
[EventRounds "11"]
[EventCountry "AUT"]
[WhiteTeam "Union Ansfelden"]
[BlackTeam "Admira Villach"]

1.d4 Nf6 2.Nf3 d5 3.c4 c6 4.e3 e6 5.Nc3 Nbd7 6.Be2 dxc4 7.a4 c5 8.O-O cxd4
9.exd4 Be7 10.Bxc4 O-O 11.Qe2 Nb6 12.Bb3 Nbd5 13.Bg5 b6 14.Ne5 Bb7 15.Rac1 h6
16.Be3 Rc8 17.Rfd1 Bd6 18.Bd2 Qe7 19.Bc2 Rfd8 20.Bb1 Bb8 21.Nb5 Qe8 22.Ng4 Nxg4
23.Qxg4 f5 24.Qe2 Qg6 25.g3 Re8 26.Rxc8 Rxc8 27.Re1 Re8 28.Nc3 Nxc3 29.Bxc3 Bd5
30.Bd3 Rc8 31.Qd1 Qf7 32.Bc2 Qd7 33.Bb3 Re8 34.Bxd5 exd5 35.f3 Kf7 36.Rxe8 Qxe8
37.Kf2 f4 38.Qd3 g6 39.a5 bxa5 40.Bxa5 Qe6 41.Qb3 fxg3+ 42.hxg3 Qd6 43.Qb7+ Kf6
44.f4 g5 45.Bd2 Qb6 46.fxg5+ hxg5 47.Qxd5 Qxb2 48.Qxg5+ Kf7 49.Qf5+ Kg7 50.Qd7+
Kg6 51.Qc6+ Kf7 52.Qc3 Qxc3 53.Bxc3 Ke6 54.g4 Kd5 55.Kf3 a5 {und Weiss gewann
nach einigen weiteren Zügen!}

[Event "2. Bundesliga Mitte 2009/2010"]
[Site "Gleisdorf"]
[Date "2009.10.10"]
[Round "1"]
[Board "2"]
[White "Perhinig, Robert"]
[Black "Knoll, Hermann"]
[Result "1/2-1/2"]
[WhiteElo "2287"]
[BlackElo "2384"]
[PlyCount "144"]
[EventDate "2009.10.10"]
[EventType "team"]
[EventRounds "11"]
[EventCountry "AUT"]
[WhiteTeam "Admira Villach"]
[BlackTeam "Union Ansfelden"]

1.d4 Nf6 2.c4 e6 3.Nf3 b6 4.g3 Ba6 5.Qc2 Bb7 6.Bg2 c5 7.dxc5 Bxc5 8.O-O Qc8
9.Nc3 O-O 10.b3 Nc6 11.Bb2 d5 12.cxd5 exd5 13.a3 Ne7 14.Rac1 Ne4 15.b4 Bd6
16.Qb3 Qg4 17.Nb5 Ba6 18.a4 Bxb5 19.axb5 Qd7 20.Nd4 Nd2 21.Qc3 Nxf1 22.Ne6 f6
23.Nxf8 Rxf8 24.Qd3 Bxb4 25.Kxf1 Rd8 26.Rd1 Bc5 27.h4 h6 28.e3 Kh8 29.Bf3 Qe6
30.Kg2 Rd6 31.Ra1 Qd7 32.Ra4 a5 33.g4 Qe8 34.h5 Bb4 35.Ra1 Qd7 36.Bd4 f5 37.Bd1
Kg8 38.Bc2 g6 39.Be5 Re6 40.Bd4 fxg4 41.hxg6 Nxg6 42.Rh1 Qf7 43.Qf5 Qxf5 44.Bxf5
Rd6 45.Kg3 Ne7 46.Kxg4 Kf7 47.Be5 Nxf5 48.Kxf5 Rg6 49.f4 Bd6 50.Rc1 Bxe5 51.Kxe5
Re6+ 52.Kxd5 Rxe3 53.Rc6 Rb3 54.Rxb6 h5 55.Kc5 h4 56.Ra6 h3 57.Rxa5 h2 58.Ra1
Rh3 59.Rh1 Kf6 60.b6 Kf5 61.b7 Rb3 62.Kc6 Rc3+ 63.Kd7 Rd3+ 64.Kc7 Rc3+ 65.Kb8
Rc2 66.Rb1 Rb2 67.Rc1 Kxf4 68.Kc8 Kf3 69.b8=Q Rxb8+ 70.Kxb8 Kg2 71.Kc7 h1=Q
72.Rxh1 Kxh1

[Event "2. Bundesliga Mitte 2009/2010"]
[Site "Gleisdorf"]
[Date "2009.10.10"]
[Round "1"]
[Board "3"]
[White "Ennsberger, Ulrich"]
[Black "Frank, Paul"]
[Result "0-1"]
[WhiteElo "2347"]
[BlackElo "2287"]
[PlyCount "86"]
[EventDate "2009.10.10"]
[EventType "team"]
[EventRounds "11"]
[EventCountry "AUT"]
[WhiteTeam "Union Ansfelden"]
[BlackTeam "Admira Villach"]

1.e4 c5 2.Nf3 Nc6 3.Bb5 g6 4.Bxc6 bxc6 5.d3 Bg7 6.O-O Nh6 7.h3 d6 8.Nc3 f6 9.Nh2
O-O 10.f4 e6 11.Be3 Rb8 12.b3 Qe7 13.Na4 Nf7 14.Nf3 Bd7 15.Qd2 Rfd8 16.Rae1 Rb5
17.e5 Bc8 18.exd6 Qxd6 19.Qf2 Bf8 20.Nd2 f5 21.Nc4 Qc7 22.Nxc5 Nd6 23.Ne5 Nf7
24.Nxf7 Kxf7 25.d4 Rb8 26.Nd3 Kg8 27.Ne5 a5 28.Kh2 a4 29.Rg1 Bg7 30.g4 axb3
31.axb3 Ra8 32.h4 Ra2 33.gxf5 exf5 34.Ra1 Rxa1 35.Rxa1 c5 36.Re1 cxd4 37.Bxd4
Bb7 38.Bb6 Qb8 39.Bxd8 Qxd8 40.Kh3 Qd6 41.Qe2 h6 42.Rd1 Qb6 43.Rg1?? Qxg1